[Event "Bled op Seniors 25th"]
[Site "Bled"]
[Date "2008.02.27"]
[Round "6"]
[White "Ivanovic, Uros"]
[Black "Nikolic, Stanko"]
[Result "1-0"]
[WhiteElo "1675"]
[BlackElo "2018"]
[PlyCount "50"]
[EventDate "2008.02.23"]
[EventType "swiss"]
[EventRounds "9"]
[EventCountry "SLO"]
[SourceTitle "CBM 122 Extra"]
[Source "ChessBase"]
[SourceDate "2008.03.04"]
[SourceVersion "1"]
[SourceVersionDate "2008.03.04"]
[SourceQuality "1"]

1. d4 d5 2. c4 e6 3. Nc3 c6 4. Nf3 Nf6 5. Qc2 Nbd7 6. cxd5 exd5 7. Bg5 h6 8. Bh4 Bd6 9. e3 0-0 10. Bd3 Re8 11. 0-0 b6 12. Rfe1 Bb7 13. Bf5 Qc7 14. Bg3 Bxg3 15. hxg3 Qd6 16. e4 dxe4 17. Nxe4 Nxe4 18. Rxe4 Nf6 19. Re5 Rad8 20. Rae1 Kf8 21. g4 g6 22. Bxg6 Nxg4 23. Rxe8+ Rxe8 24. Rxe8+ Kxe8 25. Qe4+ Qe6 1-0